01868nam a22002897i 4500003000500000005001700005008004100022020003800063040002500101082001200126100003700138245006400175246003100239264005200270264001100322300004000333336002100373337002500394338002300419490002200442520098400464650003201448650002001480650002101500700003501521830002201556PPAK20181231095734.0181230t2018 -uka|||b |||| 00| 1beng d a9781444928303cRM40.90qpaperback aPPAKbengcPPAKerda04223a8231 aOldfield, Jenny,eauthor.d1949-10aFire! /cJenny Oldfield ; Illustratios by Daniel Howarthn413aDOLPHIN ISLAND :bFire!n4 1aGreat Britain :bHodder Children's Books,c2018 4c©2018 a173 pages :billustrations ;c20 cm 2rdacontentatext 2rdamediaaunmediated 2rdacarrieravolume1 aDOLPHIN ISLANDv4 aA family marooned on an island finds loveable dolphins to help them survive: classic adventure from million-copy-selling Jenny Oldfield. Shipwrecked near a tiny island in a vast ocean, the Fisher family are guided to safety by a small pod of dolphins. Fleur, Alfie, Mia and their parents must learn to build shelter, find fresh water and hunt for food. Each of the children forms a special bond with one of the family of dolphins. Fleur adores the fun-loving, tail-walking Jazz. Mia names her dark-grey dolphin friend Stormy. And Alfie is saved from the shipwreck by Pearl, who always looks out for him. Danger is on the island: from sharks near shore, to a mystery presence on the island itself. Day-to-day survival is everything ... and the dolphins are there to help! Jenny Oldfield strikes gold in this beautifully illustrated, exciting adventure story, the fourth in the Dolphin Island series. The full series: Shipwreck, Lost at Sea, Survival, Fire!, Missing, Storm Clouds.10aChildren's stories, English20aEnglish fiction20aDolphins stories1 aHowarth, Daniel,eillustrator. 0aDolphin islandn4